000 02027cam a22004814i 4500
003 PE-LiUPU
005 20250731172954.0
008 150623s r 000 0 d
020 _a1578470099
035 _a(Sirsi) i9781578470099
040 _aPE-LiUPU
_bspa
_cPE-LiUPU
_erda
049 _aPRUA
082 0 4 _a253.7002
_bJ67L
_221
100 1 _aJohnson, Kim A.,
_eautor.
245 1 0 _aSpiritual body building :
_blessons /
_cKim A. Johnson.
264 1 _aHagerstown, MD :
_bGeneral Conference of Seventh-day Adventists Ministerial Association,
_c1997.
300 _a154 páginas :
_bilustraciones, gráficos ;
_c27 centímetros
336 _atext
_2rdacontent
337 _aunmediated
_2rdamedia
338 _avolume
_2rdacarrier
505 0 _aWhat is church-part A. -What is church-part B. -You are a minister!. -Hey, Pastor. -High-rise christians. -The joy of gifts. -Gift wrap. -the orchestra. -The kiss. -The disciple's heart. -The telescope. -Lovesharing. -Disciple makers. -Just imagine!. -The value of vision.
526 _aSEG42
526 _aSEG41
526 _aSEG40
526 _aSEG39
526 _aP94
526 _aP87
526 _aP86
526 _aP85
526 _aP77
526 _aP76
526 _aP35
650 0 4 _aGrupos pequeños
_xIASD.
942 _2ddc
_cBOOK
949 _a253.7002 J67L
_wDEWEY
_c1
_i45163
_lCCODEBUL1
_mBUL
_r0
_sY
_tBOOK
_u2015-6-24
_xTEOLOGIA
_PP35
_0COMPRA
_o.STAFF. Colección General
949 _a253.7002 J67L
_wDEWEY
_c2
_i50562
_lCCODEBUL1
_mBUL
_r0
_sY
_tBOOK
_u2015-6-24
_xTEOLOGIA
_PP35
_0COMPRA
_o.STAFF. Colección General
994 _aC0
_bPEPRU
596 _a1
999 _a253.7002 J67L
_wDEWEY
_c22045
_i45163
_f2021-11-12
_g5
_lCCODEBUL1
_mBUL
_r0
_sY
_tBOOK
_u2015-6-24
_xTEOLOGIA
_PP35
_0COMPRA
_o.STAFF. Colección General
_d22045
999 _a253.7002 J67L
_wDEWEY
_c2
_i50562
_f2021-11-12
_g5
_lCCODEBUL1
_mBUL
_r0
_sY
_tBOOK
_u2015-6-24
_xTEOLOGIA
_PP35
_0COMPRA
_o.STAFF. Colección General
980 _81
_gALBERTO SANCHEZ Responsable de Automatización